MARC

LEADER 00000nam0a2200000 4500
001 123174
005 20231101215806.0
035 |a (RuTPU)RU\TPU\book\133345 
090 |a 123174 
100 |a 20071012d1978 m y0rusy50 ca 
101 0 |a rus 
102 |a RU 
105 |a c z 000ay 
200 1 |a Отцовский слух  |e стихи  |f Е. А. Евтушенко  |g худож. В. Алешин 
205 |a 2-е изд. 
210 |a Москва  |c Советский писатель  |d 1978 
215 |a 240 с.  |c портр. 
606 1 |a Русская литература современная  |2 stltpush  |3 (RuTPU)RU\TPU\subj\26373  |9 50316 
610 1 |a советская литература 
610 1 |a стихи 
610 1 |a поэзия 
675 |a Р2  |v 3 
700 1 |a Евтушенко  |b Е. А.  |c русский поэт  |f 1933-2017  |g Евгений Александрович  |2 stltpush  |3 (RuTPU)RU\TPU\pers\8218  |9 1615 
702 1 |a Алешин  |b В.  |g Виктор  |4 440 
801 1 |a RU  |b 63413507  |c 20071012  |g PSBO 
801 2 |a RU  |b 63413507  |c 20221007  |g PSBO 
942 |c BK